000 00699nam a2200229Ia 4500
003 GCL
008 140319s9999 xx 000 0 ara d
040 _aGCL /
_cGCL
082 0 4 _a962.074
_bم ن
100 1 _aمحمد فكرى الجندى
245 1 0 _aنسور مصريون فوق الجولان /
_cمحمد فكرى الجندى
260 _a[S.N] :
_bالهيئة المصرية العامة للكتاب
300 _a139 ص
490 _aادب الحرب
_v0
650 0 4 _aمصر
650 0 4 _aتاريخ
650 0 4 _aسوريا
650 0 4 _aالمعارك الجوية
650 0 4 _aالطائرات الحربية
650 0 4 _aحرب اكتوبر 1973
942 _2ddc
_cBK
999 _c28086
_d28086